Sports Quiz

Random Sports or Football Quiz
Score 0/43 Timer 13:00
0 Plays Today
Years in national team Answer % Correct
2008–Hugo Lloris
98.4%
1989–2000Didier Deschamps
97.7%
1976–1987Michel Platini
96.9%
1994–2006Zinédine Zidane
96.9%
1994–2008Lilian Thuram
94.5%
1997–2010Thierry Henry
93.8%
1989–2000Laurent Blanc
93.8%
1993–2004Marcel Desailly
93%
1994–2006Fabien Barthez
89.8%
2004–2016Patrice Évra
89.1%
1997–2009Patrick Vieira
88.3%
2013-Raphaël Varane
84.6%
1987–1995Éric Cantona
82.8%
1986–1995Jean-Pierre Papin
82%
1980–1988Jean Tigana
71.9%
2007-Karim Benzema
70%
2002–2011William Gallas
68%
1982–1992Luis Fernandez
67.2%
1974–1986Alain Giresse
66.4%
1996–2004Robert Pirès
64.8%
2010-Blaise Matuidi
64.6%
1982–1992Manuel Amoros
64.1%
Years in national team Answer % Correct
2008–Steve Mandanda
63.3%
1995–2002Frank Lebœuf
62.5%
2004–2013Éric Abidal
62.5%
1993–2000Bernard Lama
62.5%
2004–2012Florent Malouda
62.5%
1971–1983Marius Trésor
60.9%
1988–1996Alain Roche
60.9%
2004–2012Alou Diarra
60.2%
1999–2006Sylvain Wiltord
57%
2002–2012Philippe Mexès
53.9%
1976–1986Maxime Bossis
51.6%
2007–2013Samir Nasri
51.6%
1977–1989Patrick Battiston
50%
2011- Mamadou Sakho
45.8%
1993–1996Vincent Guérin
43%
1989–1996Éric Di Meco
41.4%
1993–1995Paul Le Guen
40.6%
1988–1993Franck Sauzée
35.9%
1967–1980Henri Michel
32%
1987–1996Bruno Martini
30.5%
1975–1982Christian Lopez
18.8%

You're not logged in!

Compare scores with friends on all Sporcle quizzes.
OR
Log In

Sporcle TV

Today on Sporcle TV


Watch our educational content, quiz creation guides, and fun videos on Sporcle TV.

Show Comments

Extras

Top Quizzes Today


Score Distribution

Paid Content

Your Account Isn't Verified!

In order to create a playlist on Sporcle, you need to verify the email address you used during registration. Go to your Sporcle Settings to finish the process.

Report this User

Report this user for behavior that violates our Community Guidelines.

Details: